<?xml version="1.0" encoding="UTF-8"?><?xml-stylesheet type="text/xsl" href="static/style.xsl"?><OAI-PMH xmlns="http://www.openarchives.org/OAI/2.0/" xmlns:xsi="http://www.w3.org/2001/XMLSchema-instance" xsi:schemaLocation="http://www.openarchives.org/OAI/2.0/ http://www.openarchives.org/OAI/2.0/OAI-PMH.xsd"><responseDate>2026-06-03T07:15:07Z</responseDate><request verb="GetRecord" identifier="oai:riuma.uma.es:10630/24240" metadataPrefix="marc">https://riuma.uma.es/rest/oai/request</request><GetRecord><record><header><identifier>oai:riuma.uma.es:10630/24240</identifier><datestamp>2026-02-03T12:19:57Z</datestamp><setSpec>com_10630_2254</setSpec><setSpec>col_10630_37959</setSpec></header><metadata><record xmlns="http://www.loc.gov/MARC21/slim" xmlns:dcterms="http://purl.org/dc/terms/" xmlns:doc="http://www.lyncode.com/xoai" xmlns:xsi="http://www.w3.org/2001/XMLSchema-instance" xsi:schemaLocation="http://www.loc.gov/MARC21/slim http://www.loc.gov/standards/marcxml/schema/MARC21slim.xsd">
   <leader>00925njm 22002777a 4500</leader>
   <datafield ind2=" " ind1=" " tag="042">
      <subfield code="a">dc</subfield>
   </datafield>
   <datafield ind2=" " ind1=" " tag="720">
      <subfield code="a">Ruiz-Villalba, Adrián</subfield>
      <subfield code="e">author</subfield>
   </datafield>
   <datafield ind2=" " ind1=" " tag="720">
      <subfield code="a">Hernández, Silvia C.</subfield>
      <subfield code="e">author</subfield>
   </datafield>
   <datafield ind2=" " ind1=" " tag="720">
      <subfield code="a">Ainciburu, Marina</subfield>
      <subfield code="e">author</subfield>
   </datafield>
   <datafield ind2=" " ind1=" " tag="720">
      <subfield code="a">Vilas-Zornoza, Amaia</subfield>
      <subfield code="e">author</subfield>
   </datafield>
   <datafield ind2=" " ind1=" " tag="720">
      <subfield code="a">Sudupe, Laura</subfield>
      <subfield code="e">author</subfield>
   </datafield>
   <datafield ind2=" " ind1=" " tag="720">
      <subfield code="a">Sarvide, Sarai</subfield>
      <subfield code="e">author</subfield>
   </datafield>
   <datafield ind2=" " ind1=" " tag="720">
      <subfield code="a">Planell, Nuria</subfield>
      <subfield code="e">author</subfield>
   </datafield>
   <datafield ind2=" " ind1=" " tag="720">
      <subfield code="a">Ripalda-Cemboráin, Purificación</subfield>
      <subfield code="e">author</subfield>
   </datafield>
   <datafield ind2=" " ind1=" " tag="720">
      <subfield code="a">Abizanda, Gloria</subfield>
      <subfield code="e">author</subfield>
   </datafield>
   <datafield ind2=" " ind1=" " tag="720">
      <subfield code="a">Pérez-Pomares, José María</subfield>
      <subfield code="e">author</subfield>
   </datafield>
   <datafield ind2=" " ind1=" " tag="720">
      <subfield code="a">Gómez-Cabrero, David</subfield>
      <subfield code="e">author</subfield>
   </datafield>
   <datafield ind2=" " ind1=" " tag="720">
      <subfield code="a">Prósper, Felipe</subfield>
      <subfield code="e">author</subfield>
   </datafield>
   <datafield ind2=" " ind1=" " tag="260">
      <subfield code="c">2022</subfield>
   </datafield>
   <datafield ind2=" " ind1=" " tag="520">
      <subfield code="a">Activated cardiac fibroblasts (CFs) are responsible for the healing of the heart tissue after a myocardial infarction (MI). Based on high throughput technologies, several groups have recently demonstrated their heterogeneity and a unique role of each subpopulation of CFs during the ventricular remodelling process. This is relevant towards the discovery of personalized treatments to control the initial post-MI healing scar that will contribute to preserve ventricular function and prevent the onset of heart failure. However, little is known about the moment that CFs are activated, and which genes are potentially involved in this process. Using a mouse model for MI and single cell RNA-Seq, we demonstrate that the activation of Reparative Cardiac Fibroblasts (RCFs), the CFs responsible for the healing scar, happens within the first week after MI. Interestingly, our data reveals that all CFs show high expression of the top markers genes for RCF in a specific moment, but only few of them finally evolve to an RCF transcriptomic identity. Furthermore, we describe two different molecular dynamics that could give rise to this activation and, in consequence, the appearance of definitive RCFs. Using Spatial Transcriptomics, we localized the genes related to each dynamic in different anatomical regions of the infarcted heart, but, remarkably, only one persists seven days after MI. These results highlight the existence of a specific “window of activation” of RCFs at the beginning of the ventricular remodelling process. This potential ´therapeutical window´ could allow us to regulate the size of the healing scar and, in consequence, the poor prognosis for patients that have suffered an ischemic event.</subfield>
   </datafield>
   <datafield ind1="8" ind2=" " tag="024">
      <subfield code="a">https://hdl.handle.net/10630/24240</subfield>
   </datafield>
   <datafield tag="653" ind2=" " ind1=" ">
      <subfield code="a">Fibrosis</subfield>
   </datafield>
   <datafield tag="653" ind2=" " ind1=" ">
      <subfield code="a">Infarto de miocardio</subfield>
   </datafield>
   <datafield ind2="0" ind1="0" tag="245">
      <subfield code="a">Myocardial infarction ´through the window´: dual dynamics for cardiac fibroblasts activation</subfield>
   </datafield>
</record>
</metadata></record></GetRecord></OAI-PMH>